Mikropočítačový lexikon

Salvato in:
Dettagli Bibliografici
Autore principale: Šatánek, Aleš
Natura: Libro
Lingua:ceco
Pubblicazione: Praha Stát. ped. nakl. 1989
Edizione:1. vyd.
Serie:Knižnice všeobecného vzdělání mládeže - Horizont
Tags: Aggiungi Tag
Nessun Tag, puoi essere il primo ad aggiungerne!!

MARC

LEADER 00000nam a2200000 4500
001 c035922
005 20221215120218.2
041 0 |a cze 
044 |a CZ 
245 1 0 |a Mikropočítačový lexikon  |c Aleš Šatánek 
250 |a 1. vyd. 
264 1 |a Praha  |b Stát. ped. nakl.  |c 1989 
300 |a 159 s. 
490 1 |a Knižnice všeobecného vzdělání mládeže - Horizont 
830 0 |a Knižnice všeobecného vzdělání mládeže - Horizont 
100 1 |a Šatánek, Aleš